Kobe Bryant's Finals Opponents - Statistics

General Stats
  • This quiz has been taken 57 times
  • The average score is 6 of 7
Answer Stats
Hint Answer % Correct
2008 Celtics
98%
2010 Celtics
98%
2004 Pistons
90%
2001 76ers
81%
2009 Magic
79%
2000 Pacers
73%
2002 Nets
69%
No matching quizzes found
Score Distribution
Percent of People with Each Score
Percentile by Number Answered
Your Score History
You have not taken this quiz